00908cam a22002411 450000100100000000500170001000800410002701000130006804000230008105000180010410000390012224500670016126000790022830000210030744000460032850400300037460000380040465000330044265000290047591000340050495201110053899900170064900001543120200929164035.0720215s1967 ve b 000 0bspa  a70266610 aDO-SdBNPcDLCdDLC00aBF109.W33bB72 aBrito Figueroa, Luisana de.93482913aLa contribucion de Henri Wallon a la psicologia contemporanea. aCaracas, :bDireccion de Cultura, Universidad Central de Venezuela,c1967. a151 p. ;c23 cm. 0aColeccion Humanismo y ciencia ;v4934830 aBibliography: p. 149-151.10aWallon, Henri,d1879-1962.934831 0aThought and thinking.934832 0aChild psychology.934833 aCatalogación por copia / LC 001052708MOaGRbGRcCTd2010-02-08iLF1l0o p15431-10r2020-06-25w2020-06-25y2ZPréstamo interno c14989d14989